Southville International School and Colleges
Your cart is empty.
  • Cart
  • Lists
    Public lists Eva Luna New books Lux_list list_1
    Your lists Log in to create your own lists
  • Log in to your account
  • Your cookies
  • Search history
Southville International School and Colleges
  • Advanced search
  • Recent comments
  • Most popular
  • Libraries

Log in to your account

Log in with GOOGLE


If you do not have an external account, but do have a local account, you can still log in:

  1. Home
  2. MARC view: The Titan's curse /
Normal view MARC view ISBD view

The Titan's curse / (Record no. 33536)

[ view plain ]
MARC details
000 -LEADER
fixed length control field 01559cam a2200397 a 4500
001 - CONTROL NUMBER
control field 14651545
003 - CONTROL NUMBER IDENTIFIER
control field OSt
005 - DATE AND TIME OF LATEST TRANSACTION
control field 20140310184312.0
008 - FIXED-LENGTH DATA ELEMENTS--GENERAL INFORMATION
fixed length control field 061130s2007 nyu c 000 1 eng
010 ## - LIBRARY OF CONGRESS CONTROL NUMBER
LC control number 2006035731
020 ## - INTERNATIONAL STANDARD BOOK NUMBER
International Standard Book Number 9781423101451
020 ## - INTERNATIONAL STANDARD BOOK NUMBER
International Standard Book Number 1423101456
040 ## - CATALOGING SOURCE
Original cataloging agency DLC
Transcribing agency DLC
Modifying agency DLC
042 ## - AUTHENTICATION CODE
Authentication code lcac
050 00 - LIBRARY OF CONGRESS CALL NUMBER
Classification number PZ 7
Item number .R585Tc 2008
100 1# - MAIN ENTRY--PERSONAL NAME
Personal name Riordan, Rick.
9 (RLIN) 18585
245 14 - TITLE STATEMENT
Title The Titan's curse /
Statement of responsibility, etc Rick Riordan.
250 ## - EDITION STATEMENT
Edition statement 1st ed.
260 ## - PUBLICATION, DISTRIBUTION, ETC. (IMPRINT)
Place of publication, distribution, etc New York, N.Y. :
Name of publisher, distributor, etc Scholastic Inc.,
Date of publication, distribution, etc 2008.
300 ## - PHYSICAL DESCRIPTION
Extent 312 p. ;
Dimensions 22 cm.
490 0# - SERIES STATEMENT
Series statement Percy Jackson & the Olympians ;
Volume number/sequential designation bk. 3
520 ## - SUMMARY, ETC.
Summary, etc When the goddess Artemis disappears while hunting a rare, ancient monster, a group of her followers joins Percy and his friends in an attempt to find and rescue her before the winter solstice, when her influence is needed to sway the Olympian Council regarding the war with the Titans.
521 ## - TARGET AUDIENCE NOTE
Target audience note
526 ## - STUDY PROGRAM INFORMATION NOTE
Reading level 630
650 #1 - SUBJECT ADDED ENTRY--TOPICAL TERM
Topical term or geographic name as entry element Mythology, Greek
Form subdivision Fiction.
9 (RLIN) 23327
650 #1 - SUBJECT ADDED ENTRY--TOPICAL TERM
Topical term or geographic name as entry element Artemis (Greek deity)
Form subdivision Fiction.
9 (RLIN) 23328
650 #1 - SUBJECT ADDED ENTRY--TOPICAL TERM
Topical term or geographic name as entry element Animals, Mythical
Form subdivision Fiction.
9 (RLIN) 23329
650 #1 - SUBJECT ADDED ENTRY--TOPICAL TERM
Topical term or geographic name as entry element Monsters
Form subdivision Fiction.
9 (RLIN) 23330
650 #1 - SUBJECT ADDED ENTRY--TOPICAL TERM
Topical term or geographic name as entry element Titans (Mythology)
Form subdivision Fiction.
9 (RLIN) 23331
856 42 - ELECTRONIC LOCATION AND ACCESS
Materials specified Publisher description
Uniform Resource Identifier <a href="http://www.loc.gov/catdir/enhancements/fy0912/2006035731-d.html">http://www.loc.gov/catdir/enhancements/fy0912/2006035731-d.html</a>
906 ## - LOCAL DATA ELEMENT F, LDF (RLIN)
a 7
b cbc
c orignew
d 1
e ecip
f 20
g y-gencatlg
942 ## - ADDED ENTRY ELEMENTS (KOHA)
Source of classification or shelving scheme Library of Congress Classification
Koha item type
Holdings
Withdrawn status Lost status Source of classification or shelving scheme Damaged status Home library Current library Shelving location Date acquired Total Checkouts Full call number Barcode Date last seen Copy number Price effective from Koha item type Date checked out Total Renewals
    Library of Congress Classification   Luxembourg Library Luxembourg Library Scholastic Reading Center Section 10/03/2013   PZ 7 .R585Tc 2008 LEX1219 04/18/2017 1 10/03/2013 Books    
    Library of Congress Classification   Luxembourg Library Luxembourg Library Scholastic Reading Center Section 10/05/2013 2 PZ 7 .R585Tc 2008 LEX1220 11/20/2019 2 10/05/2013 Books 09/17/2019  
    Library of Congress Classification   Luxembourg Library Luxembourg Library Scholastic Reading Center Section 10/10/2013 1 PZ 7 .R585Tc 2008 LEX1016 04/18/2017 2 10/10/2013 Books 08/30/2016 2

The Titan's curse /

APA

Riordan R., . (2008). The Titan's curse. New York, N.Y: Scholastic Inc.

Chicago

Riordan Rick, . 2008. The Titan's curse. New York, N.Y: Scholastic Inc.

Harvard

Riordan R., . (2008). The Titan's curse. New York, N.Y: Scholastic Inc.

MLA

Riordan Rick, . The Titan's curse. New York, N.Y: Scholastic Inc. 2008.

  • Place hold
  • Print
  • Cite
  • Add to your cart (remove)
  • Save record
    BIBTEX Dublin Core MARCXML MARC (non-Unicode/MARC-8) MARC (Unicode/UTF-8) MARC (Unicode/UTF-8, Standard) MODS (XML) RIS
  • More searches
    Search for this title in:
    Other Libraries (WorldCat) Other Databases (Google Scholar) Online Stores (Bookfinder.com) Open Library (openlibrary.org)

Exporting to Dublin Core...

SOUTHVILLE LIBRARY

Southville International School and Colleges Library

1281 Tropical Ave. Cor. Luxembourg St., BF Homes International, Las Pinas City

Tel. No. 8256374 / 252358 Loc. 117/146

Powered by Koha